000
00210 a2200097 4500
001
6031
100
_a
Scott, T G
245
_a
Computers programming technique
260
_a
_b
Macdonald
_c
090
_c
4933
_d
4933
942
_a
NUST-CAE
_c
M
_c
31304
999
_c
241104
_d
241104